书目信息 |
| 题名: |
布格缪勒25首钢琴简易练习曲
|
|
| 作者: | 布格缪勒 著 ;陈福美 编注 | |
| 分册: | ||
| 出版信息: | 上海 上海音乐出版社 2018.07 |
|
| 页数: | 38页 | |
| 开本: | 31cm | |
| 丛书名: | 有声音乐系列图书 | |
| 单 册: | ||
| 中图分类: | J657.411(516) | |
| 科图分类: | ||
| 主题词: | 钢琴曲--练习曲--作品集--德国--近代 | |
| 电子资源: | ||
| ISBN: | 978-7-5523-1459-5 | |
| 000 | 01230ncm0 2200325 450 | |
| 001 | 009177842 | |
| 005 | 20201019092043.69 | |
| 010 | @a978-7-5523-1459-5@dCNY30.00 | |
| 100 | @a20181029d2018 em y0chiy50 ea | |
| 101 | 1 | @achi@cger |
| 102 | @aCN@b310000 | |
| 105 | @ag z 000yy | |
| 106 | @ar | |
| 200 | 1 | @a布格缪勒25首钢琴简易练习曲@9bu ge miu le 25 shou gang qin jian yi lian xi qu@dBurgmuller 25 easy studies for piano@e作品100@f陈福美编注@zeng |
| 210 | @a上海@c上海音乐出版社@d2018.07 | |
| 215 | @a38页@d31cm | |
| 225 | 2 | @a有声音乐系列图书 |
| 225 | 2 | @a钢琴基础练习曲系列 |
| 306 | @a与上海文艺音像电子出版社合作出版 | |
| 330 | @a本书收录布格缪勒创作的25首练习曲,包括《阿拉伯风格曲》《牧歌》《儿童联欢会》《天真烂漫》《前进》《清澈的溪水》等。 | |
| 333 | @a少儿 | |
| 461 | 0 | @12001 @a有声音乐系列图书 |
| 461 | 0 | @12001 @a钢琴基础练习曲系列 |
| 510 | 1 | @aBurgmuller 25 easy studies for piano@zeng |
| 606 | 0 | @a钢琴曲@x练习曲@x作品集@y德国@z近代 |
| 690 | @aJ657.411(516)@v5 | |
| 701 | 0 | @c(德)@a布格缪勒@9bu ge miu le@c(Burgmuller,Friedrich@f1806-1874)@4著 |
| 702 | 0 | @a陈福美@9chen fu mei@c(女,@f1928.3-)@4编注 |
| 801 | 0 | @aCN@b人天书店@c20181029 |
| 905 | @b1286053-56@dJ657.411(516)@e716@f4 | |
| 布格缪勒25首钢琴简易练习曲=Burgmuller 25 easy studies for piano:作品100/陈福美编注.-上海:上海音乐出版社,2018.07 |
| 38页;31cm.-(有声音乐系列图书).-(钢琴基础练习曲系列) |
| 使用对象:少儿 |
| ISBN 978-7-5523-1459-5:CNY30.00 |
| 本书收录布格缪勒创作的25首练习曲,包括《阿拉伯风格曲》《牧歌》《儿童联欢会》《天真烂漫》《前进》《清澈的溪水》等。 |
| ● |
| 相关链接 |
|
|
|
|
正题名:布格缪勒25首钢琴简易练习曲
索取号:J657.411(516)/716
 
预约/预借
| 序号 | 登录号 | 条形码 | 馆藏地/架位号 | 状态 | 备注 |
| 1 | 1286053 | 212860536 | 第一样本阅览室/ [索取号:J657.411(516)/716] | 在馆 | |
| 2 | 1286054 | 212860545 | 第一借阅区/ [索取号:J657.411(516)/716] | 在馆 | |
| 3 | 1286055 | 212860554 | 第一借阅区/ [索取号:J657.411(516)/716] | 在馆 | |
| 4 | 1286056 | 212860563 | 第一借阅区/ [索取号:J657.411(516)/716] | 在馆 |